000
00290nam a22001097a 4500
008
160523b xxu||||| |||| 00| 0 eng d
020
_a
0075571129
041
_a
eng
080
_a
003.2
245
_a
Literature: reading fiction; poetry; drama and the essay:
_c
Robert DiYanni;
942
_2
udc
_c
BK
999
_c
2379
_d
2379